Historia e artit / (Record no. 509)
[ view plain ]
| 000 -LEADER | |
|---|---|
| fixed length control field | 00513nam a22001937a 4500 |
| 008 - FIXED-LENGTH DATA ELEMENTS--GENERAL INFORMATION | |
| fixed length control field | 141002b xxu||||| |||| 00| 0 eng d |
| 041 0# - LANGUAGE CODE | |
| Language code of text/sound track or separate title | alb |
| 080 ## - UNIVERSAL DECIMAL CLASSIFICATION NUMBER | |
| Universal Decimal Classification number | 7.03 |
| Common auxiliary subdivision | (075.8) |
| 100 1# - Rafti | |
| Rafti | Muharremi, Hivzi; |
| 245 10 - TITLE STATEMENT | |
| Title | Historia e artit / |
| 250 ## - | |
| -- | Ribotim |
| 260 ## - | |
| -- | Prishtinë: |
| -- | Universiteti i Prishtinës, |
| -- | 1998. |
| 300 ## - | |
| -- | 191 f. : |
| -- | me il ; |
| -- | 24 cm. |
| 500 ## - | |
| -- | Parathënia : f. 7 |
| 505 ## - | |
| -- | Literatura : f. 191 |
| 650 #0 - | |
| -- | Arti |
| 650 #0 - | |
| -- | Historia |
| 942 ## - ADDED ENTRY ELEMENTS (KOHA) | |
| Source of classification or shelving scheme | |
| Item type | Books |
| Withdrawn status | Lost status | Source of classification or shelving scheme | Damaged status | Not for loan | Collection code | Permanent location | Current location | Shelving location | Date acquired | Total Checkouts | Full call number | Barcode | Date last seen | Koha item type |
|---|---|---|---|---|---|---|---|---|---|---|---|---|---|---|
| Koleksioni i përgjithshem | UBT - Prishtine | UBT - Prishtine | Koleksioni i përgjithshem | 10/02/2014 | 7.03 (075.8) MUH | 001-000578 | 10/02/2014 | Books | ||||||
| Koleksioni i përgjithshem | UBT - Prishtine | UBT - Prishtine | Koleksioni i përgjithshem | 10/02/2014 | 7.03 (075.8) MUH | 001-000577 | 10/02/2014 | Books | ||||||
| Koleksioni i përgjithshem | UBT - Prishtine | UBT - Prishtine | Koleksioni i përgjithshem | 10/02/2014 | 7.03 (075.8) MUH | 001-000576 | 10/02/2014 | Books | ||||||
| Koleksioni i përgjithshem | UBT - Prishtine | UBT - Prishtine | Koleksioni i përgjithshem | 10/02/2014 | 7.03 (075.8) MUH | 001-000585 | 10/02/2014 | Books |